000
00276nam a2200121Ia 4500
005
20251222155041.0
008
251222s9999||||xx |||||||||||||| ||spa||
082
_a
REL.46
100
_a
Conferencia Episc.
245
0
_a
Asamblea episcopal
264
_b
No tiene
942
_c
LIB
999
_c
36925
_d
36925